| 000 | 00520nam a22001937a 4500 | ||
|---|---|---|---|
| 003 | CEME | ||
| 005 | 20210628202011.0 | ||
| 008 | 210223b xxu||||| |||| 00| 0 eng d | ||
| 020 | _a81-239-0660-9 | ||
| 040 | _c. | ||
| 082 | _a620.106 GUP | ||
| 100 |
_aAslam Singh Gupta, V.P Manish Gupta _957816 |
||
| 245 | _aFluid mechanics, fluid machines and hydraulics | ||
| 250 | _a3RD | ||
| 260 |
_aNEW DELHI _bCBS PUBLISHER _c1999 |
||
| 300 | _aXXI,1192P | ||
| 650 |
_aFLUID MACHINES HYDRAULICS _957817 |
||
| 942 |
_cBK _2ddc |
||
| 999 |
_c568068 _d568068 |
||